LEADER 01300nam0 2200301 4500 001 000031124 005 20161223141128.0 010 $a978-88-6342-759-2 100 $a20160908d2015----km-y0itay50------ba 101 0 $aita 102 $aIT 105 $ay-------001yy 200 1 $a<>ricerca scientifica fra possibilit ?e limiti$fa cura di Antonio Iannuzzi$gprefazione di Paolo Carnevale$gpostfazione di Cesare Pinelli 210 $aNapoli$cEditoriale scientifica$d2015 215 $aXI, 264 p.$d24 cm. 225 2 $aCollana CRISPEL$fUniversit ?degli studi Roma Tre. Sezione di diritto pubblico italiano ed europeo. Collettanee$v5 410 0$12001$aCollana CRISPEL$fUniversit ?degli studi Roma Tre. Sezione di diritto pubblico italiano ed europeo. Collettanee$v5 500 10$a<>ricerca scientifica fra possibilit ?e limiti$91395700 610 1 $aRicerca scientifica$aAspetti giuridici 676 $a344.45095$v22$9Diritto in materia di scienza e tecnologia. Italia 702 1$aIannuzzi,$bAntonio 702 1$aPinelli,$bCesare 702 1$aCarnevale,$bPaolo$f<1957- > 801 0$aIT$bUNIPARTHENOPE$c20160908$gRICA$2UNIMARC 912 $a000031124 951 $a344-R/9$b46209$cNAVA1$d2016 996 $aRicerca scientifica fra possibilit ?e limiti$91395700 997 $aUNIPARTHENOPE